000 00509nam a2200145 a 4500
008 120416s1990 ||||||||||||||||| || u
020 _a052137829x
050 _aTK 153 Sil
100 _aSilvester, P. P
245 1 0 _aFinite elements for electrical engineers
250 _a2nd ed.
260 _aCambridge
_bThe University Press
_c1990
350 _a0.00
995 _D0.00
_FCBU-MAIN LIBRARY (Kitwe)
_H1
_I14.95
_UAVAILABLE
_ZMain Library Open Access Collection
999 _c43506
_d43506